| 000 | 00564nam a2200145 a 4500 | ||
|---|---|---|---|
| 001 | 000039170 | ||
| 005 | 20201002031528.0 | ||
| 008 | 130606s2013 dr ac 000 0 spa d | ||
| 020 | _a9789945408768 | ||
| 040 |
_aDO-SdBNP _bspa _cBNPHU |
||
| 245 | 0 | 0 |
_aRestauración 108 altos : _bmemorias de la Asociación de Estudiantes Universitarios de San José de las Matas / _ceditor Piero Espinal Estévez. |
| 260 |
_aSanto ADomingo : _bArgos, _c2013. |
||
| 300 |
_a366 p. : _bil., retrs. ; _c24 cm. |
||
| 500 | _aIncluye datos biográficos del editor en la solapa de la cubierta | ||
| 999 |
_c38660 _d38660 |
||